000 01001nam a22003377a 4500
001 0016
003 DO-SdBNP
005 20171110122710.0
007 0017
008 150928b2006 cl ||||| |||| 00| 0 spa d
020 _a9586772012 (obra completa)
020 _a9586772020 (v. 1)
020 _a9586772020 (v. 2)
040 _aBPMSU
_bspa
_cBPMSU
082 4 _a641.8652
_bH536g
100 _4Herbert, Lesley.
245 1 _aEl gran libro de los pasteles de bodas /
_cHerbert, Lesley ; fotografía Clive Streeter
260 _aBogotá, Colombia :
_bZamora ,
_c2006
_g(2ª reimpresión)
300 _a2 v.
_bil.
_c29 cm.
500 _32a. reimpresión de la primera edición
650 _2DECORACIÓN DE TORTAS
650 _2PASTILLAJE
650 _2PASTELES
650 _2TORTAS
650 _aCONFITERIA
700 _3Streeter, Clive
910 _aValidado. Control de calidad MFF
942 _2ddc
_cBK
945 _aInventariado, 2017/MFF
956 _aVMATEO
_210
_320150928
_6BPMSU
999 _c8294
_d8294